000 01219nam a22003377a 4500
001 0072802
003 KOHA_MİRAKIL
005 20260207005110.0
007 ta
008 250102b2003 tu |||grd|||#0|||1|tur |
020 _a9754712301
040 _aTR-BiSEU
_btur
_cTR-BiSEU
_erda
041 0 _atur
_ager
044 _ctu
050 _aPL193
_b.F66 2003
240 1 0 _aFono universal Türkisch-Deutsch wörterbuch
_lTürkçe
245 0 _aFono universal sözlük: Türkçe-Almanca =
_bFono universal Türkisch-Deutsch wörterbuch/
_cHazırlayanlar Holger Knudesn, Zafer Ulusoy, Ali Bayram, M.Aydan Taşkıran, Şerif Meriç.
264 1 _aİstanbul :
_bFono Açıköğretim Kurumu Yayınları
_c2003
300 _a744 sayfa; 24 cm.
336 _ametin
_btxt
_2rdacontent
337 _aaracısız
_bn
_2rdamedia
338 _acilt
_bnc
_2rdacarrier
490 0 _aFono yayınları sözlük dizisi
650 0 _aSözlükler--Türkçe--Almanca.
_974046
650 0 _aSözlükler--Almanca--Türkçe.
_9145626
650 0 _aDictionaries--Turkish--German.
_9145627
650 0 _aDictionaries--German--Turkish.
_9145628
830 0 _aFono yayınları sözlük dizisi
_973151
907 _aSözlük
942 _2lcc
_cBK
999 _c73557
_d73557